[Event "Eurasian Blitz Chess Cup"]
[Site "Almaty KAZ"]
[Date "2016.06.19"]
[Round "16.7"]
[White "Nepomniachtchi, Ian"]
[Black "Aleksandrov, Aleksej"]
[Result "1-0"]
[WhiteTitle "GM"]
[BlackTitle "GM"]
[WhiteElo "2719"]
[BlackElo "2577"]
[WhiteFideId "4168119"]
[BlackFideId "13500139"]
[EventDate "2016.06.18"]

1. e4 e5 2. Nf3 Nc6 3. d4 exd4 4. Nxd4 Bc5 5. Nxc6 bxc6 6. Bd3 Qh4 7. Qe2 Nf6 8.
h3 d6 9. Be3 Bxe3 10. Qxe3 O-O 11. Nc3 Re8 12. O-O-O Nd5 13. Nxd5 cxd5 14. g3
Qf6 15. Rhe1 dxe4 16. f3 Bxh3 17. Bxe4 Rab8 18. c3 Bf5 19. Qxa7 Bxe4 20. Rxe4
Qxf3 21. Rde1 Rf8 22. Qxb8 1-0

[Event "Eurasian Blitz Chess Cup"]
[Site "Almaty KAZ"]
[Date "2016.06.19"]
[Round "16.9"]
[White "Megaranto, Susanto"]
[Black "Jones, Gawain C B"]
[Result "1-0"]
[WhiteTitle "GM"]
[BlackTitle "GM"]
[WhiteElo "2535"]
[BlackElo "2650"]
[WhiteFideId "7101384"]
[BlackFideId "409561"]
[EventDate "2016.06.18"]

1. d4 Nf6 2. Nf3 g6 3. Bg5 Bg7 4. e3 O-O 5. Be2 d6 6. O-O Qe8 7. c4 e5 8. Nc3
Bf5 9. Qb3 b6 10. Nd2 exd4 11. exd4 Nc6 12. Be3 Ng4 13. Bxg4 Bxg4 14. h3 Bf5 15.
Nf3 Na5 16. Qb5 Bd3 17. Rfe1 Nxc4 18. Qb3 Na5 19. Qd1 Bf5 20. d5 Qd7 21. Bd4
Rfe8 22. Rxe8+ Rxe8 23. Bxg7 Kxg7 24. g4 Kg8 25. gxf5 Qxf5 26. Kg2 Nc4 27. Qd4
Nxb2 28. Re1 Rxe1 29. Nxe1 Qg5+ 30. Kh2 f5 31. Ne2 Na4 32. Qxa4 Qd2 33. Qe8+ Kg7
34. Nf3 Qxd5 35. Qe7+ Kg8 36. Kg2 Qxa2 37. Nf4 Qf7 38. Qd8+ Kg7 39. Ng5 Qc4 40.
Qe7+ Kh6 41. h4 Qg8 42. Nf7+ Kg7 43. Nxd6+ Kh6 44. Nf7+ Kg7 45. Ne6# 1-0

[Event "Eurasian Blitz Chess Cup"]
[Site "Almaty KAZ"]
[Date "2016.06.19"]
[Round "16.10"]
[White "Saric, Ivan"]
[Black "Shoker, Samy"]
[Result "1/2-1/2"]
[WhiteTitle "GM"]
[BlackTitle "GM"]
[WhiteElo "2660"]
[BlackElo "2489"]
[WhiteFideId "14508150"]
[BlackFideId "627143"]
[EventDate "2016.06.18"]

1. e4 g6 2. d4 Bg7 3. Nc3 d6 4. Be3 a6 5. h4 h5 6. Be2 b5 7. f4 b4 8. Nd5 Bb7 9.
Bf3 Bxd5 10. exd5 Nh6 11. Qd2 Nf5 12. Bf2 a5 13. O-O-O Nd7 14. Nh3 Nb6 15. Ng5
Qd7 16. Qe2 Bf6 17. Kb1 a4 18. Be4 Ra5 19. Qf3 Qb5 20. Bd3 Qxd5 21. Be4 Qc4 22.
Bd3 Qd5 23. Be4 Qc4 24. Bd3 1/2-1/2

[Event "Eurasian Blitz Chess Cup"]
[Site "Almaty KAZ"]
[Date "2016.06.19"]
[Round "16.11"]
[White "Moiseenko, Alexander"]
[Black "Dzhumagaliev, Yan"]
[Result "0-1"]
[WhiteTitle "GM"]
[BlackTitle "FM"]
[WhiteElo "2648"]
[BlackElo "2400"]
[WhiteFideId "14102560"]
[BlackFideId "24100110"]
[EventDate "2016.06.18"]

1. d4 Nf6 2. c4 e6 3. Nc3 Bb4 4. g3 d5 5. Bg2 O-O 6. a3 Be7 7. Nf3 dxc4 8. Ne5
c5 9. dxc5 Qxd1+ 10. Nxd1 Bxc5 11. O-O Nc6 12. Nxc4 Nd4 13. Nc3 Nd5 14. Nxd5
exd5 15. Bxd5 Bh3 16. Bg2 Nxe2+ 17. Kh1 Be6 18. Be3 Bxe3 19. Nxe3 Rad8 20. Bxb7
Rb8 21. Bd5 Bxd5+ 22. Nxd5 Rxb2 23. Rad1 g5 24. Rd3 Kg7 25. Rfd1 Rc8 26. R1d2
Rc1+ 27. Kg2 g4 28. f4 Rcc2 29. Rxc2 Rxc2 30. Kf1 Nc1 31. Rd1 Rxh2 32. Kg1 Rc2
33. Ne3 Rc3 34. Kf2 Nd3+ 35. Ke2 Nb2 36. Rd6 Kf8 37. Nf5 Ke8 38. Ra6 Nc4 39.
Rxa7 Rxa3 40. Nd6+ Nxd6 41. Rxa3 Ke7 42. Kf2 Ke6 43. Ra6 Kd5 44. Ra5+ Ke6 45.
Rh5 Ne4+ 46. Kg2 Nf6 47. Re5+ Kd6 48. Re1 Kd5 49. Re5+ Kd6 50. Re1 Nd5 51. Re5
Nf6 52. Rg5 Ke6 53. Rg7 h6 0-1

[Event "Eurasian Blitz Chess Cup"]
[Site "Almaty KAZ"]
[Date "2016.06.19"]
[Round "16.12"]
[White "Onischuk, Vladimir"]
[Black "Sjugirov, Sanan"]
[Result "1/2-1/2"]
[WhiteTitle "GM"]
[BlackTitle "GM"]
[WhiteElo "2613"]
[BlackElo "2665"]
[WhiteFideId "14114038"]
[BlackFideId "4189302"]
[EventDate "2016.06.18"]

1. e4 e5 2. Nf3 Nc6 3. Bc4 Bc5 4. d3 Nf6 5. O-O a6 6. Bb3 d6 7. c3 Ba7 8. Nbd2
h6 9. h3 Be6 10. Re1 Qd7 11. Nf1 Bxb3 12. axb3 O-O 13. b4 Rfe8 14. Ng3 Ne7 15.
Nh4 d5 16. Qf3 Qe6 17. Nhf5 Nxf5 18. Nxf5 dxe4 19. dxe4 Nh7 20. Qg3 Qg6 21. Qxg6
fxg6 22. Ne3 Nf8 23. Nc4 Kf7 24. Kf1 Kf6 25. Ke2 g5 26. g3 Red8 27. Be3 Bxe3 28.
Nxe3 c6 29. Red1 Ke6 30. Rxd8 Rxd8 31. Nc4 Ng6 32. Na5 Rd7 33. Rd1 Rxd1 34. Kxd1
b6 35. Nc4 b5 36. Na5 Kd6 37. Nb7+ Kc7 38. Nc5 Nf8 39. Nxa6+ Kd6 40. Nc5 Nh7 41.
Ke2 Nf6 42. Ke3 Ne8 43. b3 Nf6 44. c4 Ne8 45. Nd3 Nf6 46. Nc1 Ne8 47. Ne2 Nc7
48. Nc3 Ke6 49. Nd1 Na6 50. cxb5 cxb5 51. Nc3 Nc7 52. f3 Kd6 53. Kd3 Ke6 54. Nd1
g6 55. Ne3 Kd6 56. Ng4 h5 57. Ne3 Ke6 58. Nc2 Na6 59. Kc3 Nc7 60. Ne3 Kd6 61.
Ng2 Ke6 62. Ne1 Kd6 63. Nd3 Ne6 64. Kd2 Nd4 65. Ke3 Nxb3 66. f4 gxf4+ 67. gxf4
exf4+ 68. Nxf4 g5 69. Nxh5 Ke5 70. Ng3 Nd4 71. Kd3 Nc6 72. Kc3 Kf4 73. Nf5 Kxe4
74. Nd6+ Kf4 75. Nxb5 Kg3 76. Nd6 Nxb4 77. Kxb4 Kxh3 1/2-1/2

[Event "Eurasian Blitz Chess Cup"]
[Site "Almaty KAZ"]
[Date "2016.06.19"]
[Round "16.13"]
[White "Dreev, Aleksey"]
[Black "Vakhidov, Jahongir"]
[Result "1-0"]
[WhiteTitle "GM"]
[BlackTitle "GM"]
[WhiteElo "2664"]
[BlackElo "2578"]
[WhiteFideId "4100107"]
[BlackFideId "14201801"]
[EventDate "2016.06.18"]

1. d4 Nf6 2. Nf3 g6 3. g3 Bg7 4. Bg2 O-O 5. O-O d6 6. b3 c5 7. c4 cxd4 8. Nxd4
d5 9. cxd5 Nxd5 10. Bb2 Nb4 11. Na3 N8c6 12. Nxc6 Nxc6 13. Bxg7 Kxg7 14. Bxc6
bxc6 15. Rc1 Qa5 16. Qd4+ Kg8 17. Qb2 Bh3 18. Rfd1 Rad8 19. Nc4 Qh5 20. Qe5 Qh6
21. Ne3 Be6 22. h4 Rc8 23. Rc5 Qg7 24. Qxg7+ Kxg7 25. Rdc1 Bd7 26. Ra5 Ra8 27.
Nc4 Rfc8 28. Ne5 Be8 29. Rac5 Rc7 30. b4 Rac8 31. Ra5 f6 32. Nd3 Bf7 33. Nc5 f5
34. Rd1 Bd5 35. f3 Kf6 36. Kf2 h6 37. Ra6 Kf7 38. a3 g5 39. h5 Bc4 40. Ra5 Rb8
41. Rd7 Rbc8 42. Rxa7 Rxd7 43. Nxd7 Be6 44. Nc5 Bc4 45. Nd7 Be6 46. Ne5+ Kf6 47.
Nd3 Bc4 48. Ra5 Rd8 49. Ke3 Bb5 50. a4 Bxd3 51. exd3 Rb8 52. b5 cxb5 53. Rxb5
Rc8 54. Rb6+ e6 55. Rb1 Ra8 56. Ra1 Ra5 57. Kd4 g4 58. f4 e5+ 59. fxe5+ Ke6 60.
Ra2 Rd5+ 61. Kc4 Kxe5 62. a5 Rd4+ 63. Kc3 Rd7 64. a6 Ra7 65. Ra5+ Kf6 66. Kd2
Kg5 67. d4 Kxh5 68. Rxf5+ Kg6 69. Ra5 h5 70. Ke3 Re7+ 71. Kf2 Rf7+ 72. Ke2 Ra7
73. Kd3 Kh6 74. Ke4 Re7+ 75. Kf4 Rf7+ 76. Rf5 Ra7 77. Rf6+ Kg7 78. Rb6 Rd7 79.
Rb7 1-0

[Event "Eurasian Blitz Chess Cup"]
[Site "Almaty KAZ"]
[Date "2016.06.19"]
[Round "16.14"]
[White "Hou, Yifan"]
[Black "Fressinet, Laurent"]
[Result "1-0"]
[WhiteTitle "GM"]
[BlackTitle "GM"]
[WhiteElo "2663"]
[BlackElo "2687"]
[WhiteFideId "8602980"]
[BlackFideId "608742"]
[EventDate "2016.06.18"]

1. e4 e5 2. Bc4 Nf6 3. d3 Bc5 4. Nf3 d6 5. c3 Nc6 6. O-O a6 7. Bb3 h6 8. Nbd2
O-O 9. h3 Be6 10. Re1 Re8 11. Bc2 d5 12. exd5 Bxd5 13. b4 Bf8 14. Bb2 Qd7 15.
Nf1 Rad8 16. Ng3 g6 17. a4 b5 18. Nd2 Bg7 19. Nde4 Nxe4 20. Nxe4 Bxe4 21. dxe4
Qd2 22. Qb1 h5 23. Rd1 Qf4 24. Bc1 Qh4 25. Be3 Ne7 26. Qc1 Bf6 27. Rxd8 Rxd8 28.
Kh2 Bg7 29. axb5 axb5 30. Ra7 Rd7 31. Ra8+ Kh7 32. Qf1 Qf6 33. Qxb5 c6 34. Qe2
Qe6 35. Ra3 Bh6 36. Bb3 Qf6 37. Bxh6 Kxh6 38. Qe3+ Kg7 39. Ra2 Nc8 40. Ra6 Rd6
41. Ra8 Ne7 42. Ra7 h4 43. Qf3 Qxf3 44. gxf3 Kf6 45. f4 exf4 46. e5+ Kxe5 47.
Rxe7+ Kf6 48. Rxf7+ Kg5 49. Rc7 f3 50. Bc4 Rd2 51. Kg1 Rd1+ 52. Bf1 Rd6 53. Rf7 1-0

[Event "Eurasian Blitz Chess Cup"]
[Site "Almaty KAZ"]
[Date "2016.06.19"]
[Round "16.15"]
[White "Pantsulaia, Levan"]
[Black "Savchenko, Boris"]
[Result "1-0"]
[WhiteTitle "GM"]
[BlackTitle "GM"]
[WhiteElo "2612"]
[BlackElo "2633"]
[WhiteFideId "13602071"]
[BlackFideId "4147332"]
[EventDate "2016.06.18"]

1. Nf3 Nf6 2. g3 d5 3. Bg2 Bf5 4. d3 e6 5. Nh4 Bg4 6. h3 Bh5 7. g4 Nfd7 8. gxh5
Qxh4 9. e4 dxe4 10. Bxe4 c6 11. Qg4 Qf6 12. Nc3 Na6 13. Be3 Ba3 14. Nd1 Bc5 15.
Rg1 g6 16. Qg3 Nb4 17. Kd2 Nd5 18. c3 Nxe3 19. fxe3 O-O-O 20. d4 e5 21. Kc2 Bd6
22. Qf3 Qe7 23. Bd3 f5 24. Qg2 c5 25. hxg6 hxg6 26. Qxg6 e4 27. Bc4 Rxh3 28.
Qxf5 Rh2+ 29. Kb3 Kc7 30. Qe6 b5 31. Bd5 Qxe6 32. Bxe6 c4+ 33. Bxc4 bxc4+ 34.
Kxc4 Nb6+ 35. Kb3 Rb8 36. Rg7+ Kc6 37. Rg6 Nd5+ 38. Ka4 Rb5 39. b4 Rb8 40. a3
Nb6+ 41. Kb3 Rf8 42. c4 Kc7 43. c5 Nc8 44. cxd6+ Nxd6 45. Rc1+ Kd7 46. Rc5 Rf1
47. Nc3 Nf7 48. Nxe4 Re1 49. Rc3 Rh3 50. Rg7 Ke8 51. Rxf7 Rhxe3 52. Nd6+ Kd8 53.
Nc4 Rb1+ 54. Kc2 Rc1+ 55. Kxc1 Rxc3+ 56. Kd2 Rxc4 57. Kd3 Rc1 58. Rxa7 Kc8 59.
d5 Rh1 60. Kc4 Kb8 61. Re7 Rh3 62. a4 1-0

[Event "Eurasian Blitz Chess Cup"]
[Site "Almaty KAZ"]
[Date "2016.06.19"]
[Round "16.17"]
[White "Vallejo Pons, Francisco"]
[Black "Filippov, Anton UZB"]
[Result "1-0"]
[WhiteTitle "GM"]
[BlackTitle "GM"]
[WhiteElo "2711"]
[BlackElo "2582"]
[WhiteFideId "2205530"]
[BlackFideId "14200988"]
[EventDate "2016.06.18"]

1. e4 e5 2. Nf3 Nc6 3. Bb5 a6 4. Ba4 Nf6 5. d3 d6 6. c3 Be7 7. O-O O-O 8. Re1
Nd7 9. d4 Bf6 10. h3 Nb6 11. Bc2 Ne7 12. Nbd2 g6 13. Nf1 Bg7 14. a4 a5 15. Ng3
Bd7 16. Bb3 Qe8 17. Be3 Kh8 18. dxe5 dxe5 19. Bc5 Rd8 20. Qe2 Bc6 21. Qe3 Nd7
22. Ba3 Nb6 23. Qc5 Nec8 24. Qxa5 Nd6 25. Bxd6 Rxd6 26. Qb4 f5 27. a5 fxe4 28.
Nxe4 Nd5 29. Nxd6 cxd6 30. Bxd5 Bxd5 31. Qxd6 Bxf3 32. gxf3 Rxf3 33. Rad1 Rf8
34. Qd5 Qe7 35. Rd3 Qh4 36. Rf3 Rd8 37. Qe4 Qg5+ 38. Rg3 Qd2 39. Re2 Qc1+ 40.
Kg2 Rd1 41. Rd3 Rg1+ 42. Kh2 h6 43. Rg3 Rd1 44. Rxg6 h5 45. Rg3 Rf1 46. Qg2 Bh6
47. Rg8+ Kh7 48. Qg6# 1-0

[Event "Eurasian Blitz Chess Cup"]
[Site "Almaty KAZ"]
[Date "2016.06.19"]
[Round "16.18"]
[White "Yilmaz, Mustafa"]
[Black "Khusnutdinov, Rustam"]
[Result "0-1"]
[WhiteTitle "GM"]
[BlackTitle "GM"]
[WhiteElo "2613"]
[BlackElo "2476"]
[WhiteFideId "6302718"]
[BlackFideId "13701703"]
[EventDate "2016.06.18"]

1. Nf3 Nf6 2. c4 c5 3. d4 cxd4 4. Nxd4 a6 5. Nc2 d5 6. cxd5 Qxd5 7. Qxd5 Nxd5 8.
e4 Nf6 9. Nc3 Nc6 10. Be3 e6 11. O-O-O b5 12. f3 Bb7 13. Be2 Be7 14. Kb1 O-O 15.
Rd2 Rfc8 16. Bf2 Ne5 17. Ne3 Bc5 18. Rhd1 g5 19. Bf1 Kg7 20. Nc2 Bxf2 21. Rxf2
Rc7 22. Ne3 Rac8 23. Rfd2 g4 24. Be2 gxf3 25. gxf3 Ng6 26. Bf1 Nf4 27. Ne2 Nxe4
28. Rd4 Nxe2 29. Bxe2 Nf6 30. a3 Nd5 31. Ng4 h5 32. Ne5 Rc2 33. Rg1+ Kf6 34. Bd1
Rc1+ 35. Ka2 Kxe5 36. Rd2 Kf6 37. f4 Ne3 38. f5 Rxd1 39. Rgxd1 Nxd1 40. Rxd1
Bd5+ 41. Ka1 Kxf5 0-1

[Event "Eurasian Blitz Chess Cup"]
[Site "Almaty KAZ"]
[Date "2016.06.19"]
[Round "16.19"]
[White "Jumabayev, Rinat"]
[Black "Sanikidze, Tornike"]
[Result "1-0"]
[WhiteTitle "GM"]
[BlackTitle "GM"]
[WhiteElo "2613"]
[BlackElo "2548"]
[WhiteFideId "13702661"]
[BlackFideId "13602608"]
[EventDate "2016.06.18"]

1. Nf3 g6 2. c4 Bg7 3. g3 Nf6 4. Bg2 O-O 5. O-O c6 6. d4 d5 7. Qb3 dxc4 8. Qxc4
Bf5 9. Nc3 Nbd7 10. e3 Rc8 11. Rd1 Bc2 12. Rd2 Bf5 13. Qe2 Ne4 14. Rd1 Nxc3 15.
bxc3 Be4 16. Bh3 Bxf3 17. Qxf3 e6 18. Rb1 Qc7 19. e4 Rcd8 20. Bg5 Rc8 21. c4
Rfe8 22. Bf4 e5 23. dxe5 Nxe5 24. Bxe5 Bxe5 25. Rd7 1-0

[Event "Eurasian Blitz Chess Cup"]
[Site "Almaty KAZ"]
[Date "2016.06.19"]
[Round "16.20"]
[White "Bologan, Viktor"]
[Black "Utegaliyev, Azamat"]
[Result "1-0"]
[WhiteTitle "GM"]
[WhiteElo "2654"]
[BlackElo "2494"]
[WhiteFideId "13900048"]
[BlackFideId "13702467"]
[EventDate "2016.06.18"]

1. e4 d5 2. exd5 Qxd5 3. Nc3 Qd6 4. d4 c6 5. Ne4 Qd5 6. Bd3 Bf5 7. Qe2 Bxe4 8.
Bxe4 Qa5+ 9. Bd2 Qb6 10. Nf3 Nf6 11. Bd3 e6 12. O-O-O Nbd7 13. c4 Be7 14. g4 h6
15. Rhg1 Qc7 16. Kb1 O-O-O 17. h4 Bd6 18. g5 hxg5 19. hxg5 Nh5 20. g6 fxg6 21.
Ng5 Nf8 22. d5 exd5 23. cxd5 c5 24. Ne6 Qe7 25. Bg5 Nf6 26. Nxd8 Qxe2 27. Bxe2
Kxd8 28. Rh1 Rg8 29. Rh4 Nd7 30. Bg4 Ne5 31. Be6 Rf8 32. Rh3 Kc7 33. Rg1 b5 34.
Bf4 c4 35. Bxe5 Bxe5 36. Rxg6 Ne4 37. Re3 Nd2+ 38. Kc1 Rxf2 39. Rxe5 b4 40. Re1
b3 41. axb3 cxb3 42. Rg3 Kd6 43. Rd3 Nf3 44. Red1 Rc2+ 45. Kb1 1-0

[Event "Eurasian Blitz Chess Cup"]
[Site "Almaty KAZ"]
[Date "2016.06.19"]
[Round "16.21"]
[White "Vahidov, Tair"]
[Black "Anton Guijarro, David"]
[Result "1/2-1/2"]
[WhiteTitle "GM"]
[BlackTitle "GM"]
[WhiteElo "2435"]
[BlackElo "2627"]
[WhiteFideId "14200155"]
[BlackFideId "2285525"]
[EventDate "2016.06.18"]

1. c4 b6 2. Nc3 Bb7 3. e4 e6 4. Nge2 Nf6 5. f3 c5 6. d4 cxd4 7. Nxd4 Nc6 8. Be3
Bb4 9. Be2 O-O 10. O-O d6 11. Na4 Qe7 12. a3 Bc5 13. Nxc5 dxc5 14. Nxc6 Bxc6 15.
Qe1 Nd7 16. b4 Rfd8 17. Qc3 e5 18. Rad1 Nf8 19. bxc5 bxc5 20. h3 Ne6 21. Qxe5
Kf8 22. Qc3 Ba4 23. Rd5 Bc6 24. Rdd1 Ba4 25. Rd5 Bc6 26. Rxd8+ Rxd8 27. Rd1 Rb8
28. f4 f6 29. e5 Rd8 30. Rxd8+ Qxd8 31. exf6 gxf6 32. f5 Nd4 33. Bh6+ Ke8 34.
Bd3 Qe7 35. Qd2 Kd7 36. Bf4 Ke8 37. Kh2 Kf7 38. Qd1 Ke8 39. Qh5+ Kd7 40. Qd1 Kc8
41. Qd2 Kd7 42. Qa5 Ke8 43. Qd2 Kd7 44. Qf2 Kc8 45. Qg3 Kb7 46. Bd6 Qd7 47. Bxc5
Nxf5 48. Bxf5 Qxf5 49. Qg7+ Qd7 50. Qxd7+ Bxd7 51. Bd4 f5 52. Kg3 Be6 53. Kf4
Bxc4 54. Kxf5 Bf1 55. Ke4 1/2-1/2

[Event "Eurasian Blitz Chess Cup"]
[Site "Almaty KAZ"]
[Date "2016.06.19"]
[Round "16.22"]
[White "Arutinian, David"]
[Black "Pak, Yevgeniy"]
[Result "1-0"]
[WhiteTitle "GM"]
[BlackTitle "IM"]
[WhiteElo "2527"]
[BlackElo "2401"]
[WhiteFideId "13601741"]
[BlackFideId "14201712"]
[EventDate "2016.06.18"]

1. Nf3 Nf6 2. c4 c5 3. Nc3 g6 4. e4 Nc6 5. d4 cxd4 6. Nxd4 Bg7 7. Be3 O-O 8. Be2
d6 9. O-O Bd7 10. f3 Nxd4 11. Bxd4 a5 12. Qd2 Bc6 13. Rab1 Nd7 14. Be3 Nc5 15.
b3 Qb6 16. Rfc1 Rfc8 17. Kh1 Qb4 18. Qe1 a4 19. Bd2 axb3 20. axb3 Qa3 21. Qd1
Ne6 22. Bf1 Qa7 23. b4 Qd4 24. b5 Be8 25. Nd5 Kf8 26. Qe1 Ra2 27. Be3 Qe5 28.
Rd1 Nc5 29. Bd4 Qg5 30. Bxg7+ Kxg7 31. f4 Qh5 32. Nxe7 Rca8 33. Nd5 Ne6 34. Qc3+
Kh6 35. Qf6 Qg4 36. h3 Qg3 37. Rd3 Qf2 38. Rf3 Qc2 39. Re1 Qd2 40. Ne7 Nd4 41.
Ng8+ 1-0

[Event "Eurasian Blitz Chess Cup"]
[Site "Almaty KAZ"]
[Date "2016.06.19"]
[Round "16.23"]
[White "Kostenko, Petr"]
[Black "Gunina, Valentina"]
[Result "0-1"]
[WhiteTitle "GM"]
[BlackTitle "GM"]
[WhiteElo "2476"]
[BlackElo "2518"]
[WhiteFideId "13700669"]
[BlackFideId "4167570"]
[EventDate "2016.06.18"]

1. e4 c6 2. d4 d5 3. e5 Bf5 4. h4 Qc8 5. h5 h6 6. c4 e6 7. Nc3 Bb4 8. a3 Ba5 9.
Be3 Ne7 10. Rc1 Bxc3+ 11. bxc3 Nd7 12. g4 Bh7 13. Nh3 Nb6 14. cxd5 Nexd5 15. Bd2
Qd7 16. c4 Ne7 17. Bb4 a5 18. Bd6 Nbc8 19. c5 Nxd6 20. cxd6 Nd5 21. Bg2 O-O 22.
g5 hxg5 23. Nxg5 Nf4 24. Bf3 Nd3+ 25. Kf1 Nxc1 26. Nxh7 Kxh7 27. Be4+ f5 28.
exf6+ Kh8 29. fxg7+ Qxg7 30. Rg1 Qf6 31. Rg2 Qf4 32. Bb1 Rad8 33. Qc2 Rf5 34.
Qc3 Rxh5 35. d5+ e5 36. dxc6 Rh1+ 37. Rg1 Rxg1+ 38. Kxg1 Ne2+ 0-1

[Event "Eurasian Blitz Chess Cup"]
[Site "Almaty KAZ"]
[Date "2016.06.19"]
[Round "16.24"]
[White "Potkin, Vladimir"]
[Black "Harika, Dronavalli"]
[Result "1/2-1/2"]
[WhiteTitle "GM"]
[BlackTitle "GM"]
[WhiteElo "2597"]
[BlackElo "2514"]
[WhiteFideId "4131061"]
[BlackFideId "5015197"]
[EventDate "2016.06.18"]

1. d4 e6 2. e4 d5 3. Nd2 Be7 4. Ngf3 Nf6 5. Bd3 c5 6. exd5 Qxd5 7. dxc5 Nbd7 8.
b4 a5 9. Bc4 Qc6 10. c3 b6 11. O-O bxc5 12. b5 Qc7 13. Qe2 O-O 14. Bd3 a4 15. c4
Bb7 16. Bb2 Rfe8 17. Rad1 Bd6 18. Ne4 Nxe4 19. Bxe4 Be7 20. Rd2 a3 21. Bc3 Rad8
22. Rfd1 Bxe4 23. Qxe4 Bf6 24. Bxf6 Nxf6 25. Qe5 Rxd2 26. Rxd2 Qc8 27. h3 h6 28.
Rd6 Nd7 29. Qe4 Nf6 30. Qc6 Qxc6 31. Rxc6 Ne4 32. b6 Rb8 33. Ne5 f6 34. Nd7 Rb7
35. Rc7 Nd6 36. Kf1 Kf7 37. Nxc5+ Rxc7 38. bxc7 Ke7 39. Ke2 Nc8 40. Ne4 Kd7 41.
Nc3 Nb6 42. c5 Nc4 43. Kd3 Ne5+ 44. Kc2 Kxc7 45. Nb5+ Kc6 46. Nxa3 Kxc5 47. Kc3
Nd7 48. Nc4 Nb8 49. a4 Nc6 50. Nd2 f5 51. Nb3+ Kd5 52. a5 e5 53. a6 g5 54. Na5
Na7 55. Nc4 e4 56. Ne3+ Ke5 57. Kc4 f4 58. Ng4+ Ke6 59. Kd4 h5 60. Nh2 Kf5 61.
Nf1 g4 62. hxg4+ hxg4 63. Nd2 Nc6+ 64. Kc5 Na7 65. Kd4 Nc6+ 66. Kc5 Na7 67. Nc4
g3 68. fxg3 f3 69. gxf3 exf3 70. Ne3+ Ke4 71. Nf1 f2 72. Kb6 Nc8+ 73. Kb7 Nd6+
74. Kb6 Kf3 75. Kc6 Nc8 76. Kc7 Na7 77. Kb7 Nb5 78. Kb6 Nd6 79. Kc7 Nb5+ 80. Kc6
Na7+ 81. Kb7 Nb5 82. Kb6 Nd6 83. a7 Nc8+ 84. Kb7 Nxa7 85. Kxa7 Kg2 86. Nd2 Kxg3 1/2-1/2

[Event "Eurasian Blitz Chess Cup"]
[Site "Almaty KAZ"]
[Date "2016.06.19"]
[Round "17.5"]
[White "Le, Quang Liem"]
[Black "Kasimdzhanov, Rustam"]
[Result "0-1"]
[WhiteTitle "GM"]
[BlackTitle "GM"]
[WhiteElo "2718"]
[BlackElo "2703"]
[WhiteFideId "12401137"]
[BlackFideId "14200244"]
[EventDate "2016.06.18"]

1. d4 d5 2. c4 dxc4 3. Nf3 Nf6 4. e3 e6 5. Bxc4 c5 6. O-O a6 7. Bb3 Be7 8. Nc3
b5 9. e4 Bb7 10. e5 Ne4 11. Nxe4 Bxe4 12. Qe2 Bg6 13. Rd1 c4 14. Bc2 Bxc2 15.
Qxc2 Nc6 16. Qe4 Qd5 17. Qg4 O-O-O 18. Bg5 h5 19. Qf4 f6 20. exf6 gxf6 21. Bh4
Rhg8 22. Bg3 Rd7 23. a4 b4 24. Rac1 Kb7 25. Re1 Rg4 26. Qe3 Nxd4 27. Rcd1 Re4
28. Qxe4 Qxe4 29. Rxe4 Nxf3+ 30. gxf3 Rxd1+ 31. Kg2 Rc1 32. Rxe6 Bc5 33. Rxf6
Bd4 34. Rf7+ Kc6 35. Rc7+ Kb6 36. b3 Rc2 37. h4 Bxf2 38. a5+ Kxa5 39. Bxf2 cxb3
40. Rxc2 bxc2 41. Be3 b3 42. Bc1 Kb4 43. Bb2 a5 44. f4 a4 45. f5 a3 46. Bc1 b2
47. Bd2+ Kb3 48. f6 c1=Q 0-1

[Event "Eurasian Blitz Chess Cup"]
[Site "Almaty KAZ"]
[Date "2016.06.19"]
[Round "17.7"]
[White "Artemiev, Vladislav"]
[Black "Shoker, Samy"]
[Result "1-0"]
[WhiteTitle "GM"]
[BlackTitle "GM"]
[WhiteElo "2653"]
[BlackElo "2489"]
[WhiteFideId "24101605"]
[BlackFideId "627143"]
[EventDate "2016.06.18"]

1. Nf3 g6 2. e4 c5 3. c3 Bg7 4. d4 Qa5 5. d5 d6 6. Bd3 Nf6 7. O-O O-O 8. h3 b5
9. Bf4 Nbd7 10. Nbd2 Ba6 11. Bh2 Qb6 12. a4 c4 13. axb5 cxd3 14. Rxa6 Qxb5 15.
Ra2 Nc5 16. Nd4 Qb7 17. Re1 Nfxe4 18. Nxe4 Nxe4 19. Nc6 f5 20. Qxd3 e5 21. Rea1
Qb6 22. b4 a6 23. Kf1 Nxc3 24. Qxc3 e4 25. Qe3 Qb5+ 26. Qe2 Bxa1 27. Rxa1 Qxd5
28. Ne7+ 1-0

[Event "Eurasian Blitz Chess Cup"]
[Site "Almaty KAZ"]
[Date "2016.06.19"]
[Round "17.8"]
[White "Vallejo Pons, Francisco"]
[Black "Gelfand, Boris"]
[Result "1/2-1/2"]
[WhiteTitle "GM"]
[BlackTitle "GM"]
[WhiteElo "2711"]
[BlackElo "2734"]
[WhiteFideId "2205530"]
[BlackFideId "2805677"]
[EventDate "2016.06.18"]

1. e4 c5 2. Ne2 Nc6 3. Nbc3 Nf6 4. g3 d5 5. exd5 Nxd5 6. Bg2 Nf6 7. d3 e6 8. O-O
Be7 9. Ne4 O-O 10. Be3 Nxe4 11. dxe4 Qc7 12. c3 Rd8 13. Qc2 b6 14. f4 Ba6 15.
Rfd1 Rxd1+ 16. Rxd1 Rd8 17. e5 Na5 18. b3 Bb7 19. Rxd8+ Qxd8 20. Bxb7 Nxb7 21.
c4 Na5 22. Qd2 Qxd2 23. Bxd2 Nc6 24. Kf2 f5 25. exf6 gxf6 26. g4 Kf7 27. Bc3 f5
28. g5 Kg6 29. h4 Bd6 30. Kf3 h6 31. Bf6 hxg5 32. hxg5 e5 33. Ke3 e4 34. Bc3 Nd8
35. Bf6 Ne6 36. Bc3 a6 37. a4 Nd8 38. Bf6 Nc6 39. Bc3 Nb4 40. Bxb4 cxb4 41. Kd4
Bc5+ 42. Kd5 a5 43. Ke6 Be3 44. Ke5 Bf2 45. Kd5 Be3 46. Ke5 Bf2 47. Ke6 Be3 48.
Ke5 1/2-1/2

[Event "Eurasian Blitz Chess Cup"]
[Site "Almaty KAZ"]
[Date "2016.06.19"]
[Round "17.9"]
[White "Moiseenko, Alexander"]
[Black "Jones, Gawain C B"]
[Result "1-0"]
[WhiteTitle "GM"]
[BlackTitle "GM"]
[WhiteElo "2648"]
[BlackElo "2650"]
[WhiteFideId "14102560"]
[BlackFideId "409561"]
[EventDate "2016.06.18"]

1. d4 Nf6 2. c4 c5 3. d5 b5 4. cxb5 a6 5. e3 g6 6. Nc3 Bg7 7. Nf3 O-O 8. a4 e6
9. e4 Bb7 10. Bc4 exd5 11. exd5 axb5 12. Bxb5 Na6 13. O-O Nb4 14. d6 Ne4 15.
Nxe4 Bxe4 16. Be3 Nc2 17. Rc1 Nxe3 18. fxe3 Bxb2 19. Rc4 Re8 20. Rxe4 Rxe4 21.
Qd5 Re6 22. Ng5 Rb8 23. Rxf7 Qxg5 24. Qxg5 Kxf7 25. Bc4 Re8 26. Qxc5 Bf6 27. a5
Kg7 28. Bxe6 Rxe6 29. a6 Re4 30. Kf2 Ra4 31. Qb5 Ra2+ 32. Kf3 Kh6 33. Qb7 g5 34.
a7 Kh5 35. g4+ Kh4 36. a8=Q Rxh2 37. Qxd7 h5 38. gxh5 Rh3+ 39. Qxh3+ 1-0